000
00281nam a2200109Ia 4500
008
201217s9999 xx 000 0 und d
100
_a
Coad, Peter; Yourdon, Edward
245
0
_a
Object - Oriented Analysis
260
_a
Englewood Cliffs
_b
Prentice Hall
300
_a
232
942
_c
BK
999
_c
7885
_d
7885